000 00530nam a2200181Ia 4500
008 240729s9999 xx 000 0 und d
022 _a1687-9279
245 0 _aInternational Journal of Rheumatology
260 _aUnited Kingdom
260 _bHindawi Limited
650 _a Diseases of the musculoskeletal system
650 _a Internal medicine
650 _a Specialties of internal medicine
650 _aMedicine
856 _uhttps://doaj.org/toc/8897cf15416a419eaa3d127e8a623273
942 _2ddc
942 _cDOAJEJ
999 _c71431
_d71431
945 _a1
_bMadushi Gamage
_c1
_dMadushi Gamage